Histoire Diplomatique De L’europe, 1871-1914 / (Record no. 54760)
[ view plain ]
| 000 -LEADER | |
|---|---|
| fixed length control field | 01294nam a22003617i 4500 |
| 003 - CONTROL NUMBER IDENTIFIER | |
| control field | EG-GICUC |
| 005 - DATE AND TIME OF LATEST TRANSACTION | |
| control field | 20260121101651.0 |
| 008 - FIXED-LENGTH DATA ELEMENTS--GENERAL INFORMATION | |
| fixed length control field | 260106s1929 fr ||||fr||| 00|10 ffre d |
| 040 ## - CATALOGING SOURCE | |
| Original cataloging agency | EG-GiCUC |
| Transcribing agency | EG-GiCUC |
| Modifying agency | EG-GiCUC |
| Description conventions | Rda |
| 082 04 - DEWEY DECIMAL CLASSIFICATION NUMBER | |
| Edition number | 21 |
| Classification number | 341.3304009 |
| Item number | AN . H |
| 092 04 - LOCALLY ASSIGNED DEWEY CALL NUMBER (OCLC) | |
| Edition number | 21 |
| 099 ## - LOCAL FREE-TEXT CALL NUMBER (OCLC) | |
| Classification number | Law1 11 341.3304009 AN . H 1929 |
| 100 1# - MAIN ENTRY--PERSONAL NAME | |
| Personal name | Ancel, J. |
| Relator term | Auteur |
| 245 10 - TITLE STATEMENT | |
| Title | Histoire Diplomatique De L’europe, 1871-1914 / |
| Statement of responsibility, etc. | Publiée Sous La Direction De M. Henri Hauser ; Par Mm. J. Angel, L. Cahen, R. Guyot, A. Lajusan, P. Renouvin, Et H. Salomon. |
| 264 #1 - PRODUCTION, PUBLICATION, DISTRIBUTION, MANUFACTURE, AND COPYRIGHT NOTICE | |
| Place of production, publication, distribution, manufacture | Paris : |
| Name of producer, publisher, distributor, manufacturer | P.U.F, |
| Date of production, publication, distribution, manufacture, or copyright notice | 1929. |
| 300 ## - PHYSICAL DESCRIPTION | |
| Extent | 389 page ; |
| Dimensions | 24 cm. |
| 336 ## - CONTENT TYPE | |
| Source | rda contenu |
| Content type term | texte |
| 337 ## - MEDIA TYPE | |
| Source | rda medias |
| Media type term | Ordinateur |
| 338 ## - CARRIER TYPE | |
| Source | transporteur rda |
| Carrier type term | Ressource en ligne |
| 490 0# - SERIES STATEMENT | |
| Series statement | Manuel De Politique Européenne |
| Volume/sequential designation | Tome 2 |
| 504 ## - BIBLIOGRAPHY, ETC. NOTE | |
| Bibliography, etc. note | Includes index |
| 546 ## - LANGUAGE NOTE | |
| Language note | Texte en français |
| 650 14 - SUBJECT ADDED ENTRY--TOPICAL TERM | |
| Topical term or geographic name entry element | Diplomatie - Histoiré |
| General subdivision | Droit international public |
| Geographic subdivision | Europe |
| 700 1# - ADDED ENTRY--PERSONAL NAME | |
| Personal name | Hauser, M. Henri |
| Relator term | Contributeur |
| 700 1# - ADDED ENTRY--PERSONAL NAME | |
| Personal name | Salomon, H. |
| Relator term | Auteur |
| 700 1# - ADDED ENTRY--PERSONAL NAME | |
| Personal name | Cahen, L. |
| Relator term | Auteur |
| 700 1# - ADDED ENTRY--PERSONAL NAME | |
| Personal name | Guyot, R. |
| Relator term | Auteur |
| 700 1# - ADDED ENTRY--PERSONAL NAME | |
| Personal name | Lajusan, A. |
| Relator term | Auteur |
| 700 1# - ADDED ENTRY--PERSONAL NAME | |
| Personal name | Renouvin, P. |
| Relator term | Auteur |
| 856 40 - ELECTRONIC LOCATION AND ACCESS | |
| Uniform Resource Identifier | <a href="https://fll.law.cu.edu.eg/fulltext/bks/B11-06831.pdf">https://fll.law.cu.edu.eg/fulltext/bks/B11-06831.pdf</a> |
| 905 ## - Cataloger and Reviser Names | |
| Cataloger Name: | Rawan khaled |
| 942 ## - ADDED ENTRY ELEMENTS (KOHA) | |
| Source of classification or shelving scheme | Dewey Decimal Classification |
| Koha item type | Books |
| Edition | 21 |
| Suppress in OPAC | No |
| Withdrawn status | Lost status | Source of classification or shelving scheme | Damaged status | Not for loan | Collection | Home library | Current library | Date acquired | Total checkouts | Full call number | Barcode | Date last seen | Copy number | Price effective from | Koha item type |
|---|---|---|---|---|---|---|---|---|---|---|---|---|---|---|---|
| Dewey Decimal Classification | Not for loan | القانون الدولي العام | جــــامعة القــاهرة | مكتبة كلية الحقوق - المبنى الرئيسي | 06.01.2026 | Law1 11 341.3304009 AN . H 1929 1106841 C1 | B11-06841 | 06.01.2026 | 1 | 06.01.2026 | Books | ||||
| Dewey Decimal Classification | القانون الدولي العام | جــــامعة القــاهرة | مكتبة كلية الحقوق - المبنى الرئيسي | 06.01.2026 | Law1 11 341.3304009 AN . H 1929 1106843 C2 | B11-06843 | 06.01.2026 | 2 | 06.01.2026 | Books |